• 首页
  • 本馆介绍
  • 公告通知
  • 最新文献
  • 馆藏检索
  • 电子资源
  • 读者导购
  • 参考咨询
  • 我的图书馆
  • 登录
  • 详细信息显示
  • 放入我的书架
  • 预约/预借图书
  • 作者相关作品
  • 分类相关作品
  • 丛书相关作品
  • 出版社相关作品

书目信息

  • 表格格式
  • 工作单格式
  • 卡片格式
题名:
电气工程CAD技术
    
 
作者: 冯林桥 主编 ;邵霞 , 李培强 编写
分册:  
出版信息: 北京   中国电力出版社  2010
页数: 272页
开本: 26cm
丛书名:
单 册:
中图分类: TM02-39
科图分类:
主题词: 电气设备--dian qi she bei--计算机辅助设计--高等学校--教材
电子资源:
ISBN: 978-7-5083-9956-0
000 01114nam0 2200301 45
001 012001003611
005 20131104172040.0
010    @a978-7-5083-9956-0@dCNY35.00
099    @aCAL 012010058646
100    @a20100331d2010 em y0chiy50 ea
101 0  @achi
102    @aCN@b110000
105    @aak a 000yy
106    @ar
200 1  @a电气工程CAD技术@Adian qi gong chengcad ji shu@d= Electrical engineering@f主编冯林桥@g编写邵霞, 李培强@zeng
210    @a北京@c中国电力出版社@d2010
215    @a272页@c图@d26cm
300    @a普通高等教育“十一五”国家级规划教材
320    @a有书目 (第272页)
330    @a全书分为两篇,基础篇介绍了电气工程CAD的概念、特点、系统硬件等;应用篇介绍了在电气工程领域的应用,包括供配电系统智能集成图形化CAD与无功优化节电辅助分析软件等。
510 1  @aElectrical engineering@zeng
606 0  @a电气设备@Adian qi she bei@x计算机辅助设计@x高等学校@j教材
690    @aTM02-39@v4
701  0 @a冯林桥@Afeng lin qiao@4主编
702  0 @a邵霞@Ashao xia@4编写
702  0 @a李培强@Ali pei qiang@4编写
801  2 @aCN@b上海新华@c20191020
905    @b1205984-6@dTM02-39@e37@f3
    
    电气工程CAD技术= Electrical engineering/主编冯林桥/编写邵霞, 李培强.-北京:中国电力出版社,2010
    272页:图;26cm
    普通高等教育“十一五”国家级规划教材
    
    ISBN 978-7-5083-9956-0:CNY35.00
    全书分为两篇,基础篇介绍了电气工程CAD的概念、特点、系统硬件等;应用篇介绍了在电气工程领域的应用,包括供配电系统智能集成图形化CAD与无功优化节电辅助分析软件等。
●
相关链接 在E读中查询图书 在五车中查询图书 在当当中查询图书 在豆瓣中查询图书


正题名:电气工程CAD技术     索取号:TM02-39/37         预约/预借

序号 登录号 条形码 馆藏地/架位号 状态 备注
1 1205984   212059840   第二样本阅览室/ [索取号:TM02-39/37] 在馆    
2 1205985   212059859   第三借阅区/ [索取号:TM02-39/37] 在馆    
3 1205986   212059868   第三借阅区/ [索取号:TM02-39/37] 在馆    
唐山师范学院图书馆 欢迎您!
大连网信软件有限公司© 版权所有